| 000 | 00448nam a2200181 a 4500 | ||
|---|---|---|---|
| 001 | 2016 | ||
| 003 | CO-ViMGA | ||
| 008 | 141112s2004 ck r 000 u spa d | ||
| 040 |
_aCO-ViMGA _bspa _cCO-ViMGA |
||
| 082 | 0 | 4 | _a410 P377 |
| 100 | 1 |
_aPerrot, Jean _950699 |
|
| 245 | 1 | 0 |
_aLa linguística / _cjean Perrot |
| 260 |
_aBarcelona : _bOikos - Tau, _c1970 |
||
| 300 | _a127 p | ||
| 490 | _a¿Que se?, 6 | ||
| 650 | 1 | 4 | _aLINGUISTICA |
| 942 |
_2ddc _cBK |
||
| 999 |
_c14167 _d14167 |
||